| 000 -LEADER |
| fixed length control field |
01367cam a2200301 a 4500 |
| 005 - DATE AND TIME OF LATEST TRANSACTION |
| control field |
20131031054846.0 |
| 008 - FIXED-LENGTH DATA ELEMENTS--GENERAL INFORMATION |
| fixed length control field |
080609s2009 dcua b i001 0 eng |
| 020 ## - INTERNATIONAL STANDARD BOOK NUMBER |
| International Standard Book Number |
9780821375549 |
| 020 ## - INTERNATIONAL STANDARD BOOK NUMBER |
| International Standard Book Number |
0821375547 |
| 041 0# - LANGUAGE CODE |
| Language code of text/sound track or separate title |
eng |
| 080 ## - UNIVERSAL DECIMAL CLASSIFICATION NUMBER |
| Universal Decimal Classification number |
330 |
| Common auxiliary subdivision |
(510) |
| 245 00 - TITLE STATEMENT |
| Title |
Building bridges : |
| Statement of responsibility, etc |
Vivien Foster ... [et al.]. |
| 260 ## - |
| -- |
Washington, DC : |
| -- |
World Bank : |
| -- |
Public-Private Infrastructure Advisory Facility, |
| -- |
c2009. |
| 300 ## - |
| -- |
xxiii, 143 p. : |
| -- |
ill. ; |
| -- |
23 cm. |
| 490 1# - |
| -- |
Trends and policy options ; |
| -- |
no. 5 |
| 500 ## - |
| -- |
Overview : f. XI-XIX |
| 500 ## - |
| -- |
"Helping to eliminate poverty through private involvement in infrastructure." |
| 504 ## - BIBLIOGRAPHY, ETC. NOTE |
| Bibliography, etc |
Includes bibliographical references (p. 75-77) and index. |
| 650 #0 - |
| -- |
Investimet, Kineze |
| -- |
Africa |
| 650 #0 - |
| -- |
Infrastruktura (Ekonomia) |
| -- |
Africa |
| 651 #0 - |
| -- |
China |
| -- |
Marrëdhëniet ekonomike ndërkombëtare |
| -- |
Africa, Sub-Saharan. |
| 651 #0 - |
| -- |
Africa, Sub-Saharan |
| -- |
Marrëdhëniet ekonomike ndërkombëtare |
| -- |
Kina |
| 700 1# - |
| -- |
Foster, Vivien, |
| -- |
1968- |
| 830 #0 - |
| -- |
PPIAF trends and policy options ; |
| -- |
no. 5. |
| 856 41 - |
| -- |
Table of contents only |
| -- |
http://www.loc.gov/catdir/toc/ecip0820/2008023785.html |
| 856 42 - |
| -- |
Publisher description |
| -- |
http://www.loc.gov/catdir/enhancements/fy1210/2008023785-d.html |
| 942 ## - ADDED ENTRY ELEMENTS (KOHA) |
| Source of classification or shelving scheme |
|
| Item type |
Books |